| 000 | 00804nam a2200241Ia 4500 | ||
|---|---|---|---|
| 003 | PE SENCICO BE | ||
| 005 | 20251020182537.0 | ||
| 008 | 200515s9999 xx 000 0 und d | ||
| 020 | _a978-84-15829-86-7 | ||
| 040 |
_aPE SENCICO BE _cPE SENCICO BE |
||
| 041 | _aeng | ||
| 082 |
_a728.314 _bI4M |
||
| 110 | 1 |
_9238 _aInstituto Monsa de Ediciones |
|
| 245 | 1 | 0 |
_aMini spaces for living : _b247 to 602 sq ft / 23 a 56 m2 / _cInstituto Monsa de Ediciones |
| 260 |
_aBarcelona: _bMonsa, _c2015 |
||
| 300 |
_a144 p. : _bil. col., diagrs. ; _c23 cm. |
||
| 650 | 1 | 0 |
_aArquitectura de interiores _98 |
| 650 | 2 | 0 |
_aEdificios de vivienda _9273 |
| 650 | 2 | 0 |
_aArquitectura mínima _9277 |
| 700 | 1 |
_9193 _aMinguet, José María |
|
| 942 |
_cLIB _2ddc _h728.314 _iI4M |
||
| 999 |
_c2263 _d2263 |
||